Oceanian Geography by Letter - N - Statistics

General Stats
  • This quiz has been taken 161 times
  • The average score is 11 of 20
Answer Stats
Hint Answer % Correct
Southernmost country New Zealand
99%
Most populous Australian state New South Wales
95%
Smallest country Nauru
94%
Half of the above North Island
90%
Darwin is its capital Northern Territory
78%
Largest island in Oceania New Guinea
76%
Capital of Tonga Nuku'alofa
70%
French overseas collectivity New Caledonia
65%
Capital of Palau Ngerulmud
61%
That country's island near Tonga Niue
58%
Second largest city of the above Newcastle
52%
U.S. territory whose capital is Saipan Northern Mariana Islands
49%
Australian external territory {Norfolk} Island
44%
Capital of the above Nouméa
38%
Second largest island of PNG New Britain
27%
Former name of Vanuatu New Hebrides
26%
South Australia's "treeless" region Nullarbor
22%
Second oldest city in that country Nelson
18%
Hawaii's state bird Nene
17%
Type of marsupial also called a banded anteater Numbat
11%
No matching quizzes found
Score Distribution
Percent of People with Each Score
Percentile by Number Answered
Your Score History
You have not taken this quiz